01406cam a22003135a 450000500170000000800410001701000140005802000260007202000230009803500130012103700130013404000080014708200140015511100820016924501240025126000490037530000400042450000400046452001570050465000530066165000340071465000420074865000310079070000410082170000390086294200280090199900170092995201460094620091023071005.0090922s2009 ii a g b 100 0 eng d aENG-95310 a9780198061021c750.00 a0198061021c750.00 aEN-78843 aDBAD/PUB aDPL a909.04914 aInternational Workshop on Sikh Diaspora in Punjabd(2006 :cJalandhar, India) aSikh diaspora philanthropy in Punjab :bglobal giving for local good /cedited by Verne A. Dusenbery, Darshan S. Tatla. aNew Delhi :bOxford University Press,c2009. axviii, 312 p. :bill. ;c23 cm.(Hb) aIncludes bibliographical references aRevised version of papers presented at the International Conference on Sikh Diaspora and its Recommendations, held at Jalandhar during 30-31 March 2006. aEmigrant remittanceszIndiazPunjabvCongresses. aSikhsxCharitiesvCongresses. aCharitieszIndiazPunjabvCongresses. aSikh diasporavCongresses. aDusenbery, Verne A.q(Verne Andrew), aTatla, Darshan S.q(Darshan Singh) 2ddccENmDUSh909.04914 c31312d31312 00102ddc40718NFICaDBADbDBADd2009-11-04eDBAD / PUBg750.00l0o909.04914 DUSpEN-78843r2009-11-04 00:00:00t1v750.00w2009-11-04yEN